Building intelligence (Record no. 81452)
[ view plain ]
| 000 -LEADER | |
|---|---|
| fixed length control field | 01081cab a22001935a 4500 |
| 001 - CONTROL NUMBER | |
| control field | L147251 |
| 008 - FIXED-LENGTH DATA ELEMENTS--GENERAL INFORMATION | |
| fixed length control field | 090421e20090409xxkd f s 000 0 eng d |
| 035 ## - SYSTEM CONTROL NUMBER | |
| System control number | (Sirsi) u147251 |
| 041 0# - LANGUAGE CODE | |
| Language code of text/sound track or separate title | eng |
| 110 2# - MAIN ENTRY--CORPORATE NAME | |
| Corporate name or jurisdiction name as entry element | Experian Business Strategies |
| 9 (RLIN) | 4789 |
| 245 00 - TITLE STATEMENT | |
| Title | Building intelligence |
| 260 ## - PUBLICATION, DISTRIBUTION, ETC. | |
| Date of publication, distribution, etc. | 2008 |
| 490 #0 - SERIES STATEMENT | |
| Series statement | Building |
| Volume/sequential designation | 274 (8574) 9 April 2009, 54-55 (2) |
| 520 ## - SUMMARY, ETC. | |
| Summary, etc. | Reports construction statistics for the first quarter 2008 and provides some annual figures for 2008. Public non-residential and infrastructure were the strongest sectors in 2008, and the South of England was the most resilient area for the year. The public non-residential sector increased by 16%, the infrastructure sector by 15%. Suggests that the private housing sector declined by 19%. Construction output reduced by 0.4%. Forecasts that construction output will be 2% lower over 2009-2011. New work order figures saw the strongest increase in London and Kent, Surrey and Sussex. |
| 590 ## - LOCAL NOTE (RLIN) | |
| Local note | KA |
| 651 #4 - SUBJECT ADDED ENTRY--GEOGRAPHIC NAME | |
| Geographic name | Great Britain |
| Chronological subdivision | 1707- |
| 690 ## - LOCAL SUBJECT ADDED ENTRY--TOPICAL TERM (OCLC, RLIN) | |
| Topical term or geographic name as entry element | BUILT ENVIRONMENT-CONSTRUCTION MARKET |
| 942 ## - ADDED ENTRY ELEMENTS (KOHA) | |
| Suppress in OPAC | 0 |
| Withdrawn status | Lost status | Source of classification or shelving scheme | Damaged status | Not for loan | Home library | Current library | Shelving location | Date acquired | Total Checkouts | Full call number | Barcode | Date last seen | Copy number | Price effective from | Koha item type |
|---|---|---|---|---|---|---|---|---|---|---|---|---|---|---|---|
| Dewey Decimal Classification | London | London | Journal article | 21/04/2009 | L147251 | 147251-1001 | 06/08/2019 | 1 | 06/08/2019 | Journal article |